El protoevangelio de Santiago
Na minha lista:
| Formato: | Livro |
|---|---|
| Idioma: | espanhol |
| Publicado em: |
Madrid
Ciudad Nueva
1997
Madrid Fundación San Justino 1997 |
| Colecção: | Apócrifos Cristianos, 3
|
| Assuntos: | |
| Tags: |
Adicionar Tag
Sem tags, seja o primeiro a adicionar uma tag!
|
MARC
| LEADER | 00000nam a2200000 a 4500 | ||
|---|---|---|---|
| 001 | UCR8999 | ||
| 003 | CL-VaPUC | ||
| 008 | 980605e19970000sp |||||||||||||||||spa|d | ||
| 082 | 0 | 4 | |a 281 |b ELP |2 21 |
| 245 | 1 | 3 | |a El protoevangelio de Santiago |
| 300 | |a 221 p | ||
| 942 | |c BK | ||
| 945 | |d 19980605 00:00:00 |a aalvarez | ||
| 260 | |a Madrid |b Ciudad Nueva |c 1997 | ||
| 260 | |a Madrid |b Fundación San Justino |c 1997 | ||
| 650 | 0 | |a Mariología |9 365249 | |
| 650 | 0 | |a Virgen María |9 313323 | |
| 650 | 0 | |a Apócrifos |9 411104 | |
| 583 | |a last modification |c 20171005 01:35:22 |k Rodrigo Vera | ||
| 490 | 0 | |a Apócrifos Cristianos, 3 | |
| 999 | |c 270249 |d 270247 | ||
| 952 | |0 0 |1 0 |4 0 |6 281_000000000000000_ELP_1997_1997 |7 0 |8 A |9 304414 |a BIBTEO |b BIBTEO |d 2019-11-20 |i 3421155 |l 1 |o 281 ELP 1997 1997 |p 3421155 |r 2024-11-19 |s 2024-11-05 |w 2019-11-20 |y BK |k ICR | ||